Embedded systems building blocks, complete and ready-to-use modules in C
Salvato in:
| Autore principale: | |
|---|---|
| Natura: | Libro |
| Lingua: | inglese |
| Pubblicazione: |
San Francisco
CMP Books
2002
|
| Edizione: | 2a. ed |
| Soggetti: | |
| Tags: |
Aggiungi Tag
Nessun Tag, puoi essere il primo ad aggiungerne!!
|
MARC
| LEADER | 00000nam a2200000 a 4500 | ||
|---|---|---|---|
| 001 | UCL6899 | ||
| 003 | CL-VaPUC | ||
| 008 | 040423e20020000US |||||||||||||||||eng|d | ||
| 020 | |a 0879306041 | ||
| 082 | 0 | 4 | |a 621.3815 |b LAB |2 21 |
| 100 | 0 | |a Labrosse, Jean J |e author |9 484581 | |
| 245 | 1 | 0 | |a Embedded systems building blocks, complete and ready-to-use modules in C |
| 250 | |a 2a. ed | ||
| 300 | |a 611 p | ||
| 942 | |c BK | ||
| 945 | |d 20040423 00:00:00 |a cmena | ||
| 260 | |a San Francisco |b CMP Books |c 2002 | ||
| 500 | |a Incluye Cd-Rom | ||
| 650 | 0 | |a Circuitos electrónicos |9 260204 | |
| 650 | 0 | |a Circuitos integrados |9 260673 | |
| 650 | 7 | |a MICROCONTROLADORES |2 CL-VaPUC |9 356861 | |
| 650 | 0 | |a Programación de computadores |9 259531 | |
| 650 | 7 | |a LENGUAJE C |2 CL-VaPUC |9 447547 | |
| 583 | |a last modification |c 20040423 00:00:00 |k Rodrigo Vera | ||
| 999 | |c 308783 |d 308781 | ||
| 952 | |0 0 |1 0 |2 ddc |4 0 |6 621_381500000000000_LAB_2002 |7 0 |8 A |9 375607 |a BIBING |b BIBING |c RES |d 2019-11-21 |i 4007883 |o 621.3815 LAB 2002 |p 4007883 |r 2025-01-20 |w 2019-11-21 |y BK |k ING | ||